El proyecto Delta: estrategias para hacer más rentables las empresas en el mundo de hoy
Guardado en:
| Autores principales: | , |
|---|---|
| Formato: | Libro |
| Lenguaje: | español |
| Publicado: |
Bogotá
Norma
2003
|
| Edición: | 1a. ed |
| Materias: | |
| Etiquetas: |
Agregar Etiqueta
Sin Etiquetas, Sea el primero en etiquetar este registro!
|
MARC
| LEADER | 00000cam a2200000 a 4500 | ||
|---|---|---|---|
| 001 | UCL7232 | ||
| 003 | CL-VaPUC | ||
| 008 | 040514e20030000CK |||||||||||||||||spa|d | ||
| 020 | |a 9580473226 | ||
| 082 | 0 | 4 | |a 658.4012 |b HAX |2 21 |
| 100 | |a Hax, Arnoldo C |e author |9 578134 | ||
| 700 | 0 | |a Wilde, Dean L |e author |9 485075 | |
| 245 | 1 | 3 | |a El proyecto Delta: estrategias para hacer más rentables las empresas en el mundo de hoy |
| 250 | |a 1a. ed | ||
| 300 | |a 309 p | ||
| 942 | |c BK | ||
| 945 | |d 20040514 00:00:00 |a cmena | ||
| 260 | |a Bogotá |b Norma |c 2003 | ||
| 650 | 0 | |a Administración de empresas |9 260833 | |
| 650 | 0 | |a Planificación estratégica |9 259735 | |
| 650 | 0 | |a Gestión de la información |9 362327 | |
| 650 | 0 | |a Toma de decisiones |9 257530 | |
| 583 | |a last modification |c 20160831 09:30:48 |k Rodrigo Vera | ||
| 999 | |c 309082 |d 309080 | ||
| 952 | |0 0 |1 0 |4 0 |6 658_401200000000000_HAX_2003 |7 0 |8 A |9 376281 |a BIBENE |b BIBENE |d 2019-11-21 |i 4013301 |o 658.4012 HAX 2003 |p 4013301 |r 2025-01-15 |w 2019-11-21 |y BK |k ICO | ||